000 02414nkm0a2200445 4500
001 RU\NLR\BIBL_A\022768829
005 20260426073031.0
035 _a(NLR Aleph) 022768829
090 _a13693480
_c13693480
100 _a20260329d1903 u y0rusy50 ca
101 0 _arus
102 _aRU
116 _aiiycxx zz ad
135 _acrcn 024anaba
181 0 _ab4
_bxb2e
182 0 _an
200 1 _aР. Вольф, Магдебург - Букау
_eПионер современного локомобильного строительства
_eМосковское отделение, С. Петербургское отделение, Киевское отделение
_e[плакат]
203 _aИзображение
_bнеподвижное
_bдвухмерное
_bвизуальное
_cнепосредственное
210 _a[Б. м.
_cб. и.]
_d1903
215 _a1 л.
_cфотомех. печ.
_d61,6х79,5
300 _aНа л. также медали за участие в выставках
300 _aНа л. также даны характеристики локомобилей
300 _aЦенз. разреш.: Дозв. ценз. С.П.Б. 30-го сентября 1903 г.
316 _aЭкз. РНБ на шифре Э Р.Рус./Торг.3/2 инв. Эаф10698 имеет утрату правого нижнего угла, правого верхнего угла
_5NLR Э Р.Рус./Торг.3/2
325 _aКопия доступна в Электрон. б-ке РНБ
606 1 _aРекламный плакат русский
_z1868 - 1917
_92200006
_3RU\NLR\AUTH\6601557021
606 1 _aМеханизмы
_jПлакаты
_91294799
_3RU\NLR\AUTH\66218035
686 _aЩ153(2Р=Рус)53-466
830 _aНа л. утрата правого нижнего поля, возможно, с вых. данными
852 0 0 _aNLR
_bЭ
_jР.Рус./Торг.3/2
_mЭаф10698
856 0 _uhttps://vivaldi.nlr.ru/la700001828/view
856 1 _uhttps://vivaldi.nlr.ru/la700001828/cover
856 2 _uhttps://vivaldi.nlr.ru/la700001828/text
942 _cVISUAL
980 _aNB
981 1 7 _a(17) Изографические материалы
_b(17) Плакаты